Bharatiya nagarik suraksha sanhita 2023: Law and practice (Record no. 396361)

MARC details
000 -LEADER
fixed length control field 00583 a2200217 4500
005 - DATE & TIME
control field 20260401123104.0
008 - FIXED-LENGTH DATA ELEMENTS--GENERAL INFORMATION
fixed length control field 260401b |||||||| |||| 00| 0 eng d
020 ## - ISBN
International Standard Book Number 9789357787727
Price Rs. 2895.00
040 ## - CATALOGING SOURCE
Original cataloging agency VIVEKANANDA LIBRARY
082 ## - DDC NUMBER
Classification number 345
Book Number K133B
100 ## - MAIN ENTRY--PERSONAL NAME
Personal name Kansal, Saurabh
245 ## - TITLE STATEMENT
Title Bharatiya nagarik suraksha sanhita 2023: Law and practice
260 ## - PUBLICATION, DISTRIBUTION, ETC. (IMPRINT)
Name of publisher, distributor, etc Taxmann Publications
Date of publication, distribution, etc 2025
Place of publication, distribution, etc New Delhi
300 ## - PHYSICAL DESCRIPTION
Pages v.
650 ## - Subject
Subject Law
650 ## - Subject
Subject Criminal Law
650 ## - Subject
Subject India-Criminal Procedure
700 ## - Added Entry Personal Name
Added Entry Personal Name Deswal, Vageshwari
700 ## - Added Entry Personal Name
Added Entry Personal Name Goyal, Shruti
942 ## - ADDED ENTRY ELEMENTS (KOHA)
Koha item type Books
Holdings
Withdrawn status Lost status Source of classification or shelving scheme Damaged status Not for loan Location (home branch) Sublocation or collection (holding branch) Shelving location Date acquired Koha issues (times borrowed) Koha full call number Accession No. Koha date last seen Koha item type
    Dewey Decimal Classification     VIVEKANANDA LIBRARY VIVEKANANDA LIBRARY Law Library 23/02/2026   345 K133B 377976 23/02/2026 Books
    Dewey Decimal Classification     VIVEKANANDA LIBRARY VIVEKANANDA LIBRARY Law Library 23/02/2026   345 K133B 377975 23/02/2026 Books
    Dewey Decimal Classification     VIVEKANANDA LIBRARY VIVEKANANDA LIBRARY Law Library 23/02/2026   345 K133B 377974 23/02/2026 Books
    Dewey Decimal Classification     VIVEKANANDA LIBRARY VIVEKANANDA LIBRARY Law Library 23/02/2026   345 K133B 377973 23/02/2026 Books
    Dewey Decimal Classification     VIVEKANANDA LIBRARY VIVEKANANDA LIBRARY Law Library 23/02/2026   345 K133B 377972 23/02/2026 Books
© Designed and Maintained by Vivekananda Library, MDU Rohtak